Faith in families. (Record no. 14575)

000 -LEADER
fixed length control field 00530nam a2200181 a 4500
001 - CONTROL NUMBER
control field :::00012407$&:&@@
003 - CONTROL NUMBER IDENTIFIER
control field OkBaRHE
005 - DATE AND TIME OF LATEST TRANSACTION
control field 20000607103419.0
008 - FIXED-LENGTH DATA ELEMENTS--GENERAL INFORMATION
fixed length control field s1970 j 000 0 eng u
040 ## - CATALOGING SOURCE
Transcribing agency
100 1# - MAIN ENTRY--PERSONAL NAME
Personal name Duvall, Evelyn Ruth (Millis) 1906-
245 10 - TITLE STATEMENT
Title Faith in families.
260 ## - PUBLICATION, DISTRIBUTION, ETC. (IMPRINT)
Place of publication, distribution, etc Chicago, IL., :
Name of publisher, distributor, etc Abingdon Press
Date of publication, distribution, etc c1970
300 ## - PHYSICAL DESCRIPTION
Extent 206 p. ;
Dimensions 24 cm.
650 ## - SUBJECT ADDED ENTRY--TOPICAL TERM
Topical term or geographic name as entry element Family
942 ## - ADDED ENTRY ELEMENTS (KOHA)
Source of classification or shelving scheme
Koha item type Books
Copies
Shelving location Barcode Lost status Full call number Price effective from Not for loan Withdrawn status Source of classification or shelving scheme Date last seen Koha item type Permanent Location Damaged status Copy number Date acquired
General Stacks12407 HQ 728 .D852010-04-14   2010-04-14BooksRHEMA Bible Training College 12010-04-14